| 000 | 00711nam a2200265 a 4500 | ||
|---|---|---|---|
| 001 | vtls001188378 | ||
| 003 | NLI | ||
| 005 | 20210603155801.0 | ||
| 008 | 120327s1909 enk f000 0 eng | ||
| 039 | 9 |
_y201203272310 _zVLOAD |
|
| 040 |
_aNIL _beng _cEntertech IOD - 2012 _eAACR2 |
||
| 041 | 0 | _aeng | |
| 044 | _aenk | ||
| 084 | _a125.B.61 | ||
| 100 | 1 |
_aMcCabe, Joseph _9492479 |
|
| 245 | 1 | 4 |
_aThe iron cardinal / _cby Joseph McCabe |
| 260 |
_aLondon : _bEveleigh Nash, _c1909 |
||
| 300 |
_aix, 387 p. ; _c22 cm. |
||
| 887 | _a | ||
| 901 |
_aIMP74957 _b30.09.2010 |
||
| 902 | _a125.B.61 | ||
| 942 |
_2ddc _cBKS |
||
| 949 |
_AVIRTUAITEM _D10000 _X100 _6IMP000074957ENG |
||
| 990 | _eS. Sahana (B-2637/5 | ||
| 999 |
_c484591 _d484591 |
||